| 000 | 00722nam a22001937a 4500 | ||
|---|---|---|---|
| 999 |
_c175937 _d175937 |
||
| 005 | 20201013161746.0 | ||
| 010 | _aUR-10888 | ||
| 020 |
_c400.00 _a9789389733501 |
||
| 035 | _aU-9443 | ||
| 037 | _bDBAD/PUB | ||
| 082 | _a920.8 | ||
| 100 | _aفيضا ن ا حمد | ||
| 245 |
_aعبد العز يز ا ليمينی سير ت و مسير ت ا لعلميہۃ _cفيضا ن ا حمد |
||
| 246 |
_bLife And Works of Abdul Aziz Al-Memoni (Urdu) _aby Faizan Ahmed |
||
| 260 |
_aN.Delhi _bEducational Publishing House _c2019 ء |
||
| 270 |
_aH.O.D1/16,Ansari Road,Darya ganj, _bN.Delhi _e110002 _k45678285,23216162 _l0091-11-23211540 |
||
| 300 |
_a329 ص _c22 Cm(Hb) |
||
| 942 |
_2ddc _cUR _h920 _mف ے ض |
||